Normal view
MARC view
Entry Topical Term
001 - CONTROL NUMBER
- control field: 26229
003 - CONTROL NUMBER IDENTIFIER
- control field: dpl
005 - DATE AND TIME OF LATEST TRANSACTION
- control field: 20110225145417.0
008 - FIXED-LENGTH DATA ELEMENTS
- fixed length control field: 110225|||a|||||| | ||| d
040 ## - CATALOGING SOURCE
- Original cataloging agency: dpl
- Transcribing agency: dpl
150 ## - HEADING--TOPICAL TERM
- Topical term or geographic name as entry element: Women
- General subdivision: Social condition
- Geographic subdivision: India
670 ## - SOURCE DATA FOUND
- Source citation: Work cat.: (dpl)15023: भोला, रचना ' यामिनी ' 26225, गृहिणीः एक सुपर- वूमन /, 2006
670 ## - SOURCE DATA FOUND
- Source citation: Work cat.: (dpl)15023: भोला, रचना ' यामिनी ' 26225, गृहिणीः एक सुपर- वूमन /, 2006
